00453nam a2200169 a 4500008004100000020001500041050001500056100001800071245003500089260004200124300002100166350000900187650002500196650002300221650002100244700001800265120416s1977 ||||||||||||||||| || u a0471023981 aQA 184 Ror aRorres, Chris10aApplications of linear algebra aNew York :bJohn Wiley and Sonsc1977 aix, 233p. : ill. a0.00 aTEXTBOOKS--TEXTBOOKS aLinear programming 0aALGEBRAS, LINEAR aAnton, Howard